PACHA. MANJA. CHUVAPPU (Record no. 8571)
[ view plain ]
| 000 -LEADER | |
|---|---|
| fixed length control field | 00554nam a22001457a 4500 |
| 082 ## - DEWEY DECIMAL CLASSIFICATION NUMBER | |
| Classification number | 894.812.3 |
| Item number | RAM/P |
| 100 ## - MAIN ENTRY--AUTHOR NAME | |
| Personal name | RAMAKRISHNAN, T D |
| 245 ## - TITLE STATEMENT | |
| Title | PACHA. MANJA. CHUVAPPU |
| 246 ## - VARYING FORM OF TITLE | |
| Title proper/short title | PACHA. MANJA. CHUVAPPU |
| Remainder of title | PACHA. MANJA. CHUVAPPU |
| 260 ## - PUBLICATION, DISTRIBUTION, ETC. (IMPRINT) | |
| Place of publication | KOTTAYAM, INDIA |
| Name of publisher | D C |
| Year of publication | 2024 |
| 300 ## - PHYSICAL DESCRIPTION | |
| Number of Pages | 446 |
| 520 ## - SUMMARY, ETC. | |
| Summary, etc | The novel reveals the inner workings of the railways, the lifeblood of India. The novel explores how Third World citizens fall prey to multinationals through conflicts between power and the common man. |
| 650 ## - SUBJECT ADDED ENTRY--TOPICAL TERM | |
| Topical Term | MALAYALAM NOVEL |
| 942 ## - ADDED ENTRY ELEMENTS (KOHA) | |
| Koha item type | Books |
| Withdrawn status | Lost status | Collection code | Home library | Current library | Shelving location | Date acquired | Source of acquisition | Cost, normal purchase price | Full call number | Accession Number | Koha item type |
|---|---|---|---|---|---|---|---|---|---|---|---|
| Fiction | Main Library | Main Library | NEW SHELF WITH NEW ENTRY | 07/03/2024 | PURCHASED | 499.00 | 894.812.3 RAM/P | 13543 | Books |